| 000 | 00742nam a22002177a 4500 | ||
|---|---|---|---|
| 999 |
_c6861 _d6861 |
||
| 001 | 6861 | ||
| 003 | BD-JhCC | ||
| 005 | 20180131111026.0 | ||
| 008 | 180131b xxu||||| |||| 00| 0 eng d | ||
| 035 | _a(BD-JhCC)6861 | ||
| 040 |
_aBD-JhCC _dBD-JhCC |
||
| 041 | _aeng | ||
| 082 |
_a297 _bSAM 1980 |
||
| 100 | _aসামাদ, মুহাম্মদ ইবনে আবদুল ওহাব | ||
| 245 |
_aকিতাবুত তাওহীদ / _cমুহাম্মদ ইবনে আবদুল ওহাব সামাদ |
||
| 260 |
_aঢাকা : _bবাংলাদেশ প্যাকিং প্রেস লিঃ, _c1980. |
||
| 300 |
_a111 p. : _c22 cm. |
||
| 650 | _aIslam | ||
| 942 |
_2ddc _cBK |
||